00767cam a2200253Ia 4500001001300000005001700013008004100030020001500071020001800086035002000104040004400124041001300168100002100181245008300202260003900285300001800324650001100342650003000353650002600383650002300409650001800432700003700450765002600487ocm36844195 20180712141702.0180712s1995 ag b 001 0 spa d z9561313057 a9789561313057 a(OCoLC)36844195 aCo-BoUCMbspacSaul NiñodSaul Niño1 aspaheng1 aGoudsblom, Johan10aFuego y civilizacióncJohan Goudsblom ; traducción de Oscar Luis Molina S. aBuenos AiresbAndrés Belloc1995 a312 páginas 7aFuego  7aCivilización xHistoria 7aReligión y cultura  7aCiencias sociales  7aSociología 10aMolina S., Oscar Luisetraductor tFire and civilization